000 00451nam a22001817a 4500
003 MPLRDC
005 20220104125244.0
008 210129b ||||| |||| 00| 0 eng d
020 _a7-80042-041-8
082 _a857.9 YZY-5 v.3 c.2
100 _a云中岳
245 _a盖世侠侣. 三
_c
250 _a一版一刷
260 _a
_b中外文化出版公司
_c1988
300 _b
650 _a武侠小说
942 _cBK
_o857.9 YZY-5 v.3 c.2
999 _c25907
_d25897